| 000 | 01220nam a22003497a 4500 | ||
|---|---|---|---|
| 005 | 20200104041634.0 | ||
| 008 | 150310b2009 ck |||||r|||| 00| 0 spa d | ||
| 020 | _a9789588554013 | ||
| 040 |
_aCO-BOIAvH _cCO-BOIAvH |
||
| 041 | _aspa | ||
| 044 | _ack | ||
| 082 | 0 | 4 |
_a599.7692 _bP85n |
| 100 | 1 | _aPortocarrero Aya, Marcela | |
| 245 | 1 | 0 | _aNutrias de Colombia. |
| 260 |
_aBogotá: _bFundación Omaha, _bFundación Horizonte Verde, _c2009. |
||
| 300 |
_a40 p. _bfotografías a color _c18 cm. |
||
| 504 | _aIncluye referencias bibliográficas (pag. 36-37) | ||
| 650 | 4 | _aLontra de río | |
| 650 | 4 |
_aNutria _xcaracterísticas |
|
| 650 | 4 |
_aNutria de rio _xtaxonomía |
|
| 650 | 4 |
_aNutria _xreproducción |
|
| 700 | 1 | _aMorales-Betancourt, Diana | |
| 700 | 1 | _aDíaz, Diana Lucía | |
| 700 | 1 | _aMillán, Juan Pablo | |
| 700 | 1 |
_aTrujillo, Fernando _efotógrafo |
|
| 700 | 1 |
_aMorales-Betancourt, Diana _efotógrafa |
|
| 700 | 1 |
_aGärtner, Alexandra _efotógrafa |
|
| 700 | 1 |
_aLandazábal, César _eilustrador |
|
| 700 | 1 |
_aYucuna, Joana _eilustradora |
|
| 700 | 1 |
_aCuervo, Luisa _eilustradora |
|
| 942 |
_2ddc _cLIBRO |
||
| 999 |
_c9092 _d9092 |
||